Využitie aplikácií Business Intelligence v riadení vybranej oblasti podniku diplomová práca

Uložené v:
Podrobná bibliografia
Hlavný autor: Ostapčuk, Marek
Korporativný autor: Fakulta podnikového manažmentu EU. Katedra informačného manažmentu
Ďalší autori: Romanová, Anita, 1973-
Médium: Kniha
Jazyk:Slovak
Vydavateľské údaje: Bratislava 2023
Tagy: Pridať tag
Žiadne tagy, Buďte prvý, kto otaguje tento záznam!

MARC

LEADER 00000nbm a2200000 4500
001 0293539
005 20240603105839.2
041 0 |a slo 
044 |a SK 
245 1 0 |a Využitie aplikácií Business Intelligence v riadení vybranej oblasti podniku  |b diplomová práca  |c Marek Ostapčuk ; školiteľ: Anita Romanová 
264 1 |a Bratislava  |c 2023 
300 |a 72 s. 
100 1 |a Ostapčuk, Marek 
700 1 |a Romanová, Anita, 1973- 
710 2 |a Fakulta podnikového manažmentu EU. Katedra informačného manažmentu